| 000 | 00695nam a22002057a 4500 | ||
|---|---|---|---|
| 999 |
_c16042 _d16042 |
||
| 003 | AR-CdUCM | ||
| 008 | 190430b ||||| |||| 00| 0 spa d | ||
| 040 |
_aMUNICIPALIDAD PROVINCIAL DEL CUSCO _cBIBLIOTECA MUNICIPAL DEL CUSCO |
||
| 082 |
_a869.56 / _bV194 |
||
| 100 |
_aValdivia, Oscar _910062 |
||
| 245 | _aCampo de batalla / | ||
| 260 |
_aArequipa : _bEds. Obramundo, _c1981. |
||
| 300 |
_a186 páginas ; _c20 cm. |
||
| 505 | _aContenido: Civilización -- The american way of life -- Variaciones -- Tercer mundo -- Sobrevivientes... | ||
| 650 |
_aPoesías peruanas _91481 |
||
| 650 |
_aSiglo XX _98 |
||
| 650 |
_aAutores peruanos _9731 |
||
| 942 |
_2ddc _cLIBROS |
||
| 945 |
_adavv _d30/04/2019 |
||